| 000 | 01432nam a2200361 a 4500 | ||
|---|---|---|---|
| 001 | 000045975 | ||
| 003 | DO-SdBNP | ||
| 005 | 20250623102352.0 | ||
| 008 | 100909t2011 dr r 001 0dspa d | ||
| 020 | _a9789945457315 | ||
| 040 |
_aDO-SdBNP _bspa _cBNPHU |
||
| 082 | 4 |
_a972.93 _bM516d, 2011 _222 |
|
| 100 | 1 |
_aMejía Soliere, Luis F., _d1892-1971 _944947 |
|
| 245 | 1 | 0 |
_aDe Lilís a Trujillo / _cLuis F. Mejía Soliere ; presentación Vicente Bengoa Albizu ; exordio Mariano Mella. |
| 250 | _a4a. ed. | ||
| 260 |
_aSanto Domingo : _bSociedad Dominicana de Bibliófilos _bBanReservas, _c2011. |
||
| 300 |
_a530 p. ; _c24 cm. |
||
| 490 | 1 | _aClásicos Bibliófilos | |
| 500 | _aIncluye índice onomástico | ||
| 500 | _aIncluye datos biográficos del autor en la solapa de la cubierta | ||
| 504 | _aBibliografía: p. 511-512 | ||
| 533 |
_aFacsímil : _bSanto Domingo : _cSociedad Dominicana de Bibliófilos, _d1993. |
||
| 590 | _aInventariado, 2019/LP | ||
| 600 | 1 | 0 |
_a Heureaux, Ulises, _d1845-1899 _9598 |
| 600 | 1 | 0 |
_aTrujillo Molina, Rafael Leónidas, _d 1891-1961 _976764 |
| 651 | 7 |
_aRepública Dominicana _xHistoria _y1844-1930 _91009 _2LEMB |
|
| 700 | 1 |
_aBengoa Albizu, Vicente, _epres. _968038 |
|
| 700 | 1 |
_aMella, Mariano, _eex. _92101 |
|
| 710 | 2 |
_aBanco de Reservas de la República Dominicana _96285 |
|
| 830 | 0 |
_aClásicos Bibliófilos _92575 |
|
| 910 | _aValidado. Control de calidad MFF | ||
| 942 |
_2ddc _cLBS1 |
||
| 999 |
_c45464 _d45464 |
||